"Friends" Groups of Things - Statistics

General Stats
  • This quiz has been taken 2,531 times
    1,778 since last reset
  • The average score is 16 of 46
Answer Stats
Joey's Sisters % Correct
Rachel
96%
Joey
93%
Emily
92%
Actor
91%
Carol
90%
Chandler
89%
Mon
79%
Frank Jr. Jr.
74%
Mary Angela
64%
Eddie
63%
Monica
61%
Waiter
60%
Big Fat Goalie
56%
Leslie
53%
Cookie
51%
Ross
47%
Mr. Zelner
41%
Dina
40%
Gunther
38%
Mary Therese
34%
Gina
32%
Tina
31%
Joanna
29%
Harmonica
28%
Ralph Lauren
23%
Veronica
19%
Alessandro's
16%
Cologne Sampler
14%
Javu
14%
Monana
14%
Moondance Diner
10%
Christmas Elf
7%
Gladiator in Casino
7%
Museum Tour Guide
6%
Christmas Tree Salesman
5%
Candy Lady
2%
Iridium
2%
Minister
2%
Monicow
1%
Chandler's Roommates
0%
Frank Jr. & Alice's Triplets
0%
Joey's Jobs
0%
Monica's Employers
0%
Monica's Nicknames
0%
Rachel's Bosses
0%
Ross's Wives
0%
No matching quizzes found
Score Distribution
Percent of People with Each Score
Percentile by Number Answered
Your Score History
You have not taken this quiz since the last reset